[Event "GER-ch U25-B"]
[Site "Willingen"]
[Date "2019.06.09"]
[Round "2"]
[White "Chromey, Tamir"]
[Black "Halle, Julia"]
[Result "1-0"]
[WhiteElo "1627"]
[BlackElo "1634"]
[PlyCount "87"]
[EventDate "2019.06.08"]
[EventType "swiss"]
[EventRounds "9"]
[EventCountry "GER"]
[SourceTitle "CBM 191 Extra"]
[Source "ChessBase"]
[SourceDate "2019.09.30"]
[SourceVersion "1"]
[SourceVersionDate "2019.09.30"]
[SourceQuality "1"]

1. e4 c5 2. Nf3 Nc6 3. c3 g6 4. d4 cxd4 5. cxd4 Bg7 6. Nc3 Nf6 7. Bd3 0-0 8. 0-0 d6 9. h3 a6 10. Re1 Qc7 11. Be3 Bd7 12. a3 b6 13. Rc1 Qb7 14. Qe2 Rfc8 15. b4 Rc7 16. Rc2 Rac8 17. Rec1 Nd8 18. Bd2 Nc6 19. e5 dxe5 20. dxe5 Ne8 21. Nd5 Nd4 22. Nxe7+ Kf8 23. Nxg6+ hxg6 24. Nxd4 Qd5 25. Rxc7 Rxc7 26. Rxc7 Nxc7 27. Nf3 Ne6 28. Be4 Qa2 29. Qd3 Bc8 30. Ng5 Qa1+ 31. Qb1 Qxe5 32. Qc1 Qa1 33. Nxe6+ Bxe6 34. Bb7 Qxc1+ 35. Bxc1 Bd7 36. Bxa6 Ke7 37. Bb7 Ke6 38. f4 Bd4+ 39. Kf1 Kd6 40. Ke2 Bc6 41. Bxc6 Kxc6 42. Kd3 Kd5 43. g4 f6 44. h4 1-0